ENGINEERING SCIENCE (Record no. 567556)

000 -LEADER
fixed length control field 00229nam a22001097a 4500
082 ## - DEWEY DECIMAL CLASSIFICATION NUMBER
Classification number 620 WAL'E
100 ## - MAIN ENTRY--PERSONAL NAME
Personal name WALKER, J. D
9 (RLIN) 57261
245 ## - TITLE STATEMENT
Title ENGINEERING SCIENCE
260 ## - PUBLICATION, DISTRIBUTION, ETC.
Place of publication, distribution, etc. LONDON
Name of publisher, distributor, etc. EUP
Date of publication, distribution, etc. 1963
300 ## - PHYSICAL DESCRIPTION
Extent 171P
942 ## - ADDED ENTRY ELEMENTS (KOHA)
Koha item type Book
Holdings
Withdrawn status Lost status Source of classification or shelving scheme Damaged status Not for loan Permanent Location Current Location Shelving location Date acquired Full call number Barcode Date last seen Price effective from Koha item type Public note
          College of Electrical & Mechanical Engineering (CEME) College of Electrical & Mechanical Engineering (CEME) General Stacks 07/12/2017 620 WAL'E CEME-4258 06/28/2021 06/28/2021 Book 4.0
© 2023 Central Library, National University of Sciences and Technology. All Rights Reserved.